| 000 | 00926nam0a22002891 4500 | ||
|---|---|---|---|
| 001 | RU\INFOCOMM_327\NLR\5000034882 | ||
| 005 | 20250613110837.0 | ||
| 035 | _a(NLR Aleph) 009575704 | ||
| 090 |
_a9158129 _c9158129 |
||
| 100 | _a20130220d1976 |||y0rusy50 ca | ||
| 101 | 0 | _aeng | |
| 102 | _aRU | ||
| 105 | _ay z ||||| | ||
| 200 | 1 |
_aMechanism of positronium formation in liquid hydrocarbons and electron solvation _fV. L. Bugaenko, V. M. Byakov, V. I. Grafutin [и др.] |
|
| 210 |
_aM. _d1976 |
||
| 215 |
_a20 с. _cграф. _d25 см |
||
| 225 | 1 |
_a[Preprint] _fInst. of theoretical and experimental physics _vITEP-154 |
|
| 320 | _aБиблиогр.: с. 18-19 | ||
| 620 | _aМосква | ||
| 686 |
_aХ-145 _2rubbk |
||
| 686 |
_a[Г555.2] _2rubbk |
||
| 701 | 1 |
_aBugaenko _bV. L. |
|
| 801 | 1 |
_aRU _bInfocomm _c20130220 |
|
| 801 | 0 |
_aRU _bINFOCOMM _gPSBO |
|
| 852 |
_aNLR _jХ-01 Д-8/17 |
||
| 942 | _cBOOK | ||
| 980 | _aNB | ||